| 000 | 00441nam a22001697a 4500 | ||
|---|---|---|---|
| 999 |
_c6395 _d6393 |
||
| 005 | 20210903154640.0 | ||
| 008 | 200521b xxu||||| |||| 00| 0 eng d | ||
| 020 | _a9789388206327 | ||
| 041 | _aeng | ||
| 082 | _a954 MUR | ||
| 100 |
_aMuthy ,H.V Sreenivasa and Elizabeth ,Dr U.S _96865 |
||
| 245 | _aHistory of India Part-II( For LAw Student) | ||
| 260 |
_aLucknow _bEBC _c2019 |
||
| 300 | _a255p. | ||
| 650 |
_aHistory _95708 |
||
| 942 | _cBK | ||